ALLAH DEKAT TIADA GAWAT

Bibliographic Details
Main Author: Pahrol Mohd. Juoi Ustaz , 1961- (Author)
Format: Book
Published: Kuala Lumpur : TELAGA BIRU SDN.BHD. [2017]
Subjects:

MARC

LEADER 00000cam a2200000 7i4500
001 0000126639
005 20180518.0
008 180518s2017 my ao e 000 0 bm
020 |a 9789673882731 
040 |a PERPUSTAM   |b eng   |c PERPUSTAM   |e rda 
090 0 0 |a 297.57   |b PAH 
100 0 |a Pahrol Mohd. Juoi   |c Ustaz ,   |d 1961- ,   |e author 
245 1 0 |a ALLAH DEKAT TIADA GAWAT   |c PAHROL MOHD JUOI 
264 1 |a Kuala Lumpur :   |b TELAGA BIRU SDN.BHD.   |c [2017] 
300 |a xii, 194 pages :   |b photographs ;   |c 20 cm. 
336 |a text, rdacontent 
337 |a unmediated  |2 rdamedia 
338 |a volume  |2 rdacarrier 
500 |a Contains verses from the Qur'an 
650 1 0 |a Religious life   |x Islam 
650 2 0 |a Islam   |x Customs and practices 
650 2 0 |a Muslims   |x Conduct of life 
999 |a 0000501767   |b Buku   |c Rak Terbuka   |e Perbadanan Perpustakaan Awam Melaka 
999 |a 0000501768   |b Buku   |c Rak Terbuka   |e Perbadanan Perpustakaan Awam Melaka 
999 |a 0000501769   |b Buku   |c Rak Terbuka   |e Perpustakaan Cawangan Jasin 
999 |a 0000501770   |b Buku   |c Rak Terbuka   |e Perpustakaan Cawangan Masjid Tanah 
999 |a 0000501771   |b Buku   |c Rak Terbuka   |e Perpustakaan Cawangan Merlimau 
999 |a 0000501772   |b Buku   |c Rak Terbuka   |e Perbadanan Perpustakaan Awam Melaka 
999 |a 0000501773   |b Buku   |c Rak Terbuka   |e Perbadanan Perpustakaan Awam Melaka 
999 |a 0000501774   |b Buku   |c Rak Terbuka   |e PERPUSTAKAAN PENJARA SUNGAI UDANG 
999 |a 0000501775   |b Buku   |c Rak Terbuka   |e Perbadanan Perpustakaan Awam Melaka 
999 |a 0000501776   |b Buku   |c Rak Terbuka   |e Perbadanan Perpustakaan Awam Melaka 
999 |a 0000501777   |b Buku   |c Rak Terbuka   |e Perbadanan Perpustakaan Awam Melaka 
999 |a 0000501778   |b Buku   |c Rak Terbuka   |e Perbadanan Perpustakaan Awam Melaka 
999 |a 0000501779   |b Buku   |c Rak Terbuka   |e Perbadanan Perpustakaan Awam Melaka 
999 |a 0000501780   |b Buku   |c Rak Terbuka   |e Perbadanan Perpustakaan Awam Melaka 
999 |a 0000501781   |b Buku   |c Rak Terbuka   |e Perbadanan Perpustakaan Awam Melaka 
999 |a 0000501782   |b Buku   |c Rak Terbuka   |e Perbadanan Perpustakaan Awam Melaka 
999 |a 0000501783   |b Buku   |c Rak Terbuka   |e Perbadanan Perpustakaan Awam Melaka 
999 |a 0000501784   |b Buku   |c Rak Terbuka   |e Perbadanan Perpustakaan Awam Melaka 
999 |a 0000501785   |b Buku   |c Rak Terbuka   |e Perbadanan Perpustakaan Awam Melaka 
999 |a 0000501786   |b Buku   |c Rak Terbuka   |e Perbadanan Perpustakaan Awam Melaka 
999 |a 0000501787   |b Buku   |c Rak Terbuka   |e Perbadanan Perpustakaan Awam Melaka 
999 |a 0000501788   |b Buku   |c Rak Terbuka   |e Perbadanan Perpustakaan Awam Melaka 
999 |a 0000501789   |b Buku   |c Rak Terbuka   |e Perpustakaan Akhlak Bukit Baru 
999 |a 0000501790   |b Buku   |c Rak Terbuka   |e Perbadanan Perpustakaan Awam Melaka 
999 |a 0000501791   |b Buku   |c Rak Terbuka   |e Perbadanan Perpustakaan Awam Melaka 
999 |a 0000501792   |b Buku   |c Rak Terbuka   |e Perbadanan Perpustakaan Awam Melaka 
999 |a 0000501793   |b Buku   |c Rak Terbuka   |e Perbadanan Perpustakaan Awam Melaka 
999 |a 0000501794   |b Buku   |c Rak Terbuka   |e Perbadanan Perpustakaan Awam Melaka 
999 |a 0000501795   |b Buku   |c Rak Terbuka   |e Perpustkaan Desa Lubuk China 
999 |a 0000501796   |b Buku   |c Rak Terbuka   |e Perbadanan Perpustakaan Awam Melaka 
999 |a 0000501797   |b Buku   |c Rak Terbuka   |e Perbadanan Perpustakaan Awam Melaka 
999 |a 0000501798   |b Buku   |c Rak Terbuka   |e Perbadanan Perpustakaan Awam Melaka 
999 |a 0000501799   |b Buku   |c Rak Terbuka   |e Perbadanan Perpustakaan Awam Melaka 
999 |a 0000501800   |b Buku   |c Rak Terbuka   |e Perbadanan Perpustakaan Awam Melaka 
999 |a 0000501801   |b Buku   |c Rak Terbuka   |e Perbadanan Perpustakaan Awam Melaka 
999 |a 0000501802   |b Buku   |c Rak Terbuka   |e Perpustakaan Komuniti UTC Melaka